Tratado de geografía humana /

Guardado en:
Autor Principal: Derruau, Max
Formato: Libro
Publicado: España : Vicens-vives, 1976
Edición:6a. ed.
Etiquetas: Agregar Etiqueta
Sin Etiquetas, Sea el primero en etiquetar este registro!
LEADER 00504nam a22001695a 4500
001 CEM.cems002064
005 20060215000000.0
008 130507s1976##################000#0#####d
003 CEMS
082 0 4 |a 910 
100 1 |a Derruau, Max 
245 1 0 |a Tratado de geografía humana /  |c Max Derruau 
250 |a 6a. ed. 
260 |a España :  |b Vicens-vives,  |c 1976 
300 |a 6811 p. 
859 |a CEMS  |b BIB. CEMS - 11 de abril  |h 910  |i D448a6  |p 7697.80  |t Ej.1 
859 |a CEMS  |b BIB. CEMS - 11 de abril  |h 910  |i D448a6  |p 7962.80  |t Ej.2